000 00316nam a22001337a 4500
008 171103b xxu||||| |||| 00| 0 eng d
020 _a 9780071477185
041 _aeng
080 _a33
100 _a60
101 _aBUS
245 _aTHE ULTIMATE SMALL BUSINESS MARKETING TOOLKIT
_cGOLDSTEIN,B
942 _2udc
_cBK
999 _c37427
_d37427